000 00387 a2200133 4500
000 nam a22 7a 4500
100 _aPanwar, Arjun Singh
110 _aPanwar, Arjun Singh
245 _aSharirik Shiksha Me Shaikshik Prodhyogiki aur Shikshan Ki Paddhtiyan
250 _aLatest edition
260 _bKhel Sahitya Kendra
_c2025
264 _bKhel Sahitya Kendra
_c2025
942 _cBK
999 _c393723
_d393723